000 01145 a2200205 4500
001 36563
005 20260407155640.0
008 260407a1974 arg spa d
003 AR-UNSa-BCEJYS
040 _aAR-UNSa-BCEJYS
_bspa
_cAR-UNSa-BCEJYS
080 _a658.5
_xPlanificación y control de la producción
245 1 0 _aModelos de decisión
264 1 _aBuenos Aires :
_bEl Ateneo
_c1974
300 _a225 p.
_c20 cm.
505 _a1. Evolución de conceptos en la gerencia de producción - 2. Producción bajo presión - 3. Costo-Eficiencia: Introducción y reseña - 4. Arboles de decisión para la formulación de decisiones - 5. Decision en condiciones de incertidumbre:Exposición introductoria - 6. Análisis del riesgo en la inversión de capital - 7. Diseño de experimentos de simulación electronica para sistemas industriales - 8. Solución de problemas numericos y estadisticos por búsqueda directa - 9. Programas heursiticos de decisión - 10. Estructura fundamental de los problemas de espera en fila.
942 _cBK
590 _aniveau_biblio:m niveau_hierar:0
100 1 _aMuth, John F.
700 1 _aGroff, Gene K.
999 _c2660
_d2660